000 00388nam a2200145Ia 4500
005 20240823064006.0
008 240823s9999||||xx |||||||||||||| ||und||
082 _A621.3192 Q1
100 _a"Stanley,William D"
245 0 _aNetwork Analysis with Applications
260 _c2011
_bPearson Education (Singapore)
500 _aYES
650 _aApplications
_bElectrical
942 _cNB
999 _c239638
_d239638